000 00899 a2200217 4500
999 _c8919
_d8919
020 _a9781846617140 (pbk.)
050 0 0 _aKD2204LEW2013
100 _aLewis , Brown
_eauthor
245 0 0 _aConsumer and trading standards :
_blaw and practice /
_cBryan Lewin, MBE, DCA, DMS, FTSI; Jonathan Kirk, QC, LLB (Hons) (Lond), Barrister-at-Law, Member of the Honourable Society of Lincoln's Inn.
250 _aThird edition.
264 1 _aBristol :
_bJordans,
_c[2013]
300 _alxxxviii, 840 pages ;
500 _aPrevious editions had title: Trading standards : law and practice.
650 0 _aConsumer protection
_xLaw and legislation
650 0 _aTrade regulation
650 0 _aCompetition, Unfair
700 1 _aLewin, Bryan
_c(Writer on British trading standards)
_eeditor.
700 1 _aKirk, Jonathan,
_eeditor.
942 _2lcc
_cBK
_h2204
_iLEW
_kKF